LIBRARY & INFORMATION CENTRE, KCAET, TAVANUR

ONLINE PUBLIC ACCESS CATALOGUE (OPAC)

Performance evaluation of hydrocyclone filter (Record no. 15225)

MARC details
000 -LEADER
fixed length control field 00528nam a22001697a 4500
003 - CONTROL NUMBER IDENTIFIER
control field OSt
088 ## - REPORT NUMBER
Report number T 119
100 ## - MAIN ENTRY--AUTHOR NAME
Personal name M. DAMODHARA RAO
245 ## - TITLE STATEMENT
Title Performance evaluation of hydrocyclone filter
260 ## - PUBLICATION, DISTRIBUTION, ETC. (IMPRINT)
Place of publication Tavanur 2001
Name of publisher Kelappaji College of Agricultural Engineering and Technology
300 ## - PHYSICAL DESCRIPTION
Number of Pages 121
500 ## - GENERAL NOTE
General note Performance evaluation of hydrocyclone filter
520 ## - SUMMARY, ETC.
Summary, etc Performance evaluation of hydrocyclone filter
700 ## - ADDED ENTRY--PERSONAL NAME
Personal name Dr. K. John Thomas (Guide)
942 ## - ADDED ENTRY ELEMENTS (KOHA)
Koha item type Theses
Holdings
Collection code Home library Current library Shelving location Full call number Accession Number Koha item type Public note
Reference KAUAET KAUAET Reference 631.587 DAM/PE T 119 Theses M.Tech Thesis
free website counter